| 000 | 004760000a22001930004500 | ||
|---|---|---|---|
| 003 | LK-CoMWRAF | ||
| 005 | 20230908133129.0 | ||
| 008 | 230817t1998 ||||| |||| 00| 0 eng d | ||
| 020 | _a0670881732 | ||
| 040 |
_aLK-CoMWRAF _dLK-CoMWRAF _eLK-CoMWRAF |
||
| 041 | _aeng | ||
| 082 |
_a823 _bGUN |
||
| 100 | _aGunesekera, Romesh | ||
| 245 | _aThe Sandglass | ||
| 260 |
_aIndia : _bPenguin books, _c1998 |
||
| 300 | _a[viii],278p. 19cm | ||
| 650 | _aEnglish Fiction | ||
| 942 | _cBK | ||
| 999 |
_c545 _d545 |
||